000 00485nam a2200193Ia 4500
005 20250326125756.0
008 250326s9999 xx 000 0 und d
037 _aTextbook
040 _aFMSL
_beng
_cFMSL
041 _aeng
_2eng
084 _aB N5
_qFMSL
100 _aBurington R S
_9286477
245 0 _aHandbook of mathematics
_cBurington R S
250 _a4
260 _aNY
_bNY, M G H
_c1965
300 _a423p
942 _cTB
_hB N5
999 _c1279516
_d1279516